Culturas indígenas de los Andes Meridionales /

Saved in:
Bibliographic Details
Main Author: Berberián, Eduardo E.
Other Authors: Raffino, Rodolfo A.
Format: Book
Language:Spanish
Published: Madrid : Alhambra, c1991.
Series:Estudios (Editorial Alhambra) ; 43.
Subjects:
Tags: Add Tag
No Tags, Be the first to tag this record!
LEADER 01163aam a2200325 a 4500
001 002467673-X
005 20020606093309.7
008 920206s1991 sp a b 000 0 spa
010 |a  92114412  
020 |a 8420520497 
035 0 |a ocm25787915 
040 |a DLC  |c DLC 
043 |a sn----- 
050 0 0 |a F2230  |b .B47 1991 
100 1 |a Berberián, Eduardo E. 
245 1 0 |a Culturas indígenas de los Andes Meridionales /  |c Eduardo E. Berberián y Rodolfo A. Raffino. 
260 |a Madrid :  |b Alhambra,  |c c1991. 
300 |a v, 223 p. :  |b ill. ;  |c 20 cm. 
490 1 |a Estudios ;  |v 43 
504 |a Includes bibliographical references (p. 223). 
650 0 |a Indians of South America  |z Andes Region  |x Antiquities. 
650 0 |a Paleo-Indians  |z Andes Region. 
650 0 |a Indians of South America  |z Andes Region  |x History. 
651 0 |a Andes Region  |x Antiquities. 
655 7 |a History.  |2 fast 
700 1 |a Raffino, Rodolfo A. 
776 0 8 |i Online version:  |a Berberián, Eduardo E.  |t Culturas indígenas de los Andes Meridionales.  |d Madrid : Alhambra, ©1991  |w (OCoLC)657106607 
830 0 |a Estudios (Editorial Alhambra) ;  |v 43. 
988 |a 20020608 
906 |0 DLC